<?xml version="1.0" encoding="UTF-8"?>
<record
    xmlns:xsi="http://www.w3.org/2001/XMLSchema-instance"
    xsi:schemaLocation="http://www.loc.gov/MARC21/slim http://www.loc.gov/standards/marcxml/schema/MARC21slim.xsd"
    xmlns="http://www.loc.gov/MARC21/slim">

  <leader>02077nam a2200349 a 4500</leader>
  <controlfield tag="005">20180803165401.0</controlfield>
  <controlfield tag="008">140129b2003    ck ||||| |||| 00| 0 spa d</controlfield>
  <datafield tag="040" ind1=" " ind2=" ">
    <subfield code="c">CO-BoIH</subfield>
  </datafield>
  <datafield tag="041" ind1=" " ind2=" ">
    <subfield code="a">spa</subfield>
  </datafield>
  <datafield tag="044" ind1=" " ind2=" ">
    <subfield code="a">ck</subfield>
  </datafield>
  <datafield tag="090" ind1=" " ind2=" ">
    <subfield code="a">IAVH</subfield>
    <subfield code="b">01100</subfield>
  </datafield>
  <datafield tag="100" ind1=" " ind2=" ">
    <subfield code="a">Renjifo, Luis Miguel</subfield>
    <subfield code="9">92541</subfield>
  </datafield>
  <datafield tag="245" ind1=" " ind2=" ">
    <subfield code="a">Caracterizaci&#xF3;n biol&#xF3;gica y socioecon&#xF3;mica de la ventana de paisaje rural ganadero en el Ca&#xF1;&#xF3;n del r&#xED;o Barbas, Filandia (Quind&#xED;o)</subfield>
  </datafield>
  <datafield tag="260" ind1=" " ind2=" ">
    <subfield code="a">Armenia</subfield>
    <subfield code="b">Instituto Alexander von Humboldt</subfield>
    <subfield code="c">2003</subfield>
  </datafield>
  <datafield tag="300" ind1=" " ind2=" ">
    <subfield code="a">113 p.</subfield>
  </datafield>
  <datafield tag="520" ind1=" " ind2=" ">
    <subfield code="a">Con el objetivo de evaluar el estado de la biodiversidad asociada a los diferentes tipos de paisaje rural en la zona de estudio, se realiz&#xF3; la caracterizaci&#xF3;n biol&#xF3;gica y sociocultural en la ventana de paisaje rural ganadero de 2.500 ha, la cual est&#xE1; ubicada en el ca&#xF1;&#xF3;n del r&#xED;o Barbas, entre los municipios de Filandia (Quind&#xED;o) y Pereira (Risaralda). Para ellos se realiz&#xF3; la caracterizaci&#xF3;n de la vegetaci&#xF3;n, analizando su riqueza, composici&#xF3;n, complementariedad, estructura horizontal y vertical, as&#xED; como las especies amenazadas que se encontraron. Igualmente se realiz&#xF3; la caracterizaci&#xF3;n de la diversidad de hormigas en el suelo y el grupo de las aves. Para la caracterizaci&#xF3;n socioecon&#xF3;mica se defini&#xF3; la metodolog&#xED;a y por medio de visitas y encuestas realizadas a los predios de la zona se obtuvieron los resultados. Presenta una secci&#xF3;n de resultados y conclusiones generales del estudio</subfield>
  </datafield>
  <datafield tag="650" ind1=" " ind2=" ">
    <subfield code="a">Caracterizaci&#xF3;n biol&#xF3;gica</subfield>
    <subfield code="9">2833</subfield>
  </datafield>
  <datafield tag="650" ind1=" " ind2=" ">
    <subfield code="a">Ventana</subfield>
    <subfield code="9">5926</subfield>
  </datafield>
  <datafield tag="650" ind1=" " ind2=" ">
    <subfield code="a">Paisaje rural</subfield>
    <subfield code="9">92518</subfield>
  </datafield>
  <datafield tag="650" ind1=" " ind2=" ">
    <subfield code="a">Caracterizaci&#xF3;n socioecon&#xF3;mica</subfield>
    <subfield code="9">1318</subfield>
  </datafield>
  <datafield tag="662" ind1=" " ind2=" ">
    <subfield code="a">Colombia</subfield>
    <subfield code="c">R&#xED;o Barbas</subfield>
    <subfield code="b">Quindio</subfield>
  </datafield>
  <datafield tag="700" ind1=" " ind2=" ">
    <subfield code="a">Lozano, Fabio H.</subfield>
    <subfield code="9">2482</subfield>
  </datafield>
  <datafield tag="700" ind1=" " ind2=" ">
    <subfield code="a">Jim&#xE9;nez, Elizabeth</subfield>
    <subfield code="9">2483</subfield>
  </datafield>
  <datafield tag="700" ind1=" " ind2=" ">
    <subfield code="a">Caycedo, Paula Catalina</subfield>
    <subfield code="9">5927</subfield>
  </datafield>
  <datafield tag="700" ind1=" " ind2=" ">
    <subfield code="a">Mendoza, Javier Eduardo</subfield>
    <subfield code="9">5199</subfield>
  </datafield>
  <datafield tag="700" ind1=" " ind2=" ">
    <subfield code="a">Ramirez, Diana Patricia</subfield>
    <subfield code="9">330</subfield>
  </datafield>
  <datafield tag="700" ind1=" " ind2=" ">
    <subfield code="a">Vargas, William</subfield>
    <subfield code="9">2871</subfield>
  </datafield>
  <datafield tag="700" ind1=" " ind2=" ">
    <subfield code="a">Quevedo, Fabio Leonardo</subfield>
    <subfield code="9">5928</subfield>
  </datafield>
  <datafield tag="700" ind1=" " ind2=" ">
    <subfield code="a">Franco , Luis Edier</subfield>
    <subfield code="9">5929</subfield>
  </datafield>
  <datafield tag="700" ind1=" " ind2=" ">
    <subfield code="a">Cardona, Pedro Jos&#xE9;</subfield>
    <subfield code="9">5930</subfield>
  </datafield>
  <datafield tag="942" ind1=" " ind2=" ">
    <subfield code="c">INFORME</subfield>
    <subfield code="2">z</subfield>
  </datafield>
  <datafield tag="999" ind1=" " ind2=" ">
    <subfield code="c">6537</subfield>
    <subfield code="d">6537</subfield>
  </datafield>
  <datafield tag="952" ind1=" " ind2=" ">
    <subfield code="0">0</subfield>
    <subfield code="1">0</subfield>
    <subfield code="2">z</subfield>
    <subfield code="4">0</subfield>
    <subfield code="7">0</subfield>
    <subfield code="8">HUMBOLDT</subfield>
    <subfield code="I">INV2017</subfield>
    <subfield code="a">Bogota</subfield>
    <subfield code="b">Bogota</subfield>
    <subfield code="d">2008-09-05</subfield>
    <subfield code="l">1</subfield>
    <subfield code="o">IAVH-01100</subfield>
    <subfield code="p">026355</subfield>
    <subfield code="r">2024-08-09 00:00:00</subfield>
    <subfield code="s">2013-06-21</subfield>
    <subfield code="t">Ej. 1</subfield>
    <subfield code="w">2012-12-04</subfield>
    <subfield code="x">Dep&#xF3;sito Institucional</subfield>
    <subfield code="y">INFORME</subfield>
  </datafield>
</record>
